000 00732nam a2200241Ia 4500
001 1443
003 GE_BSU
008 181216s||||||||xx |||||||||||||| ||und||
010 _a5820600460
040 _cGE_BSU
080 _a681.3.06
100 _aАндреев;А.Г.и др.
245 _aMicrosoft.Windows 2000 Server.Русская Версия
245 _cПод общ.ред .А.Чекмарева;и Вишнякова.
260 _aСанкт-Петербург.
260 _c2000.
300 _a960 c.
541 _h30л.
653 _aWindows 2000 Server.
653 _aინფორმატიკა
653 _aსაინფორმაციო ტექნოლოგიები
942 _cBK
999 _c35580
_d35580